000 00729nam a2200253Ia 4500
003 OSt
005 20220924113113.0
006 a|||||r|||| 00| 0
007 ta
008 220923b |||||||| |||| 00| 0 eng d
024 _a58856
037 _cDictionary
040 _aARTS
_cARTS
_beng
041 _2eng
_aeng
082 _aP15:75k, L1 (PD)
100 _aGerow Edwin
_9169467
245 0 _aGlossary of Indian figures of speech
260 _aThe
_bHague Mouton
_c1971
300 _a346p.
_ccm.
490 _aPublications in near and middle east studies ed by John S Badeau etc; 16
650 _aLINGUISTICS
942 _hP15:75k, L1 (PD)
_cdic
_2cc
999 _c389237
_d389237